000 00463nam a2200193 4500
003 OSt
005 20220905141845.0
008 220905b |||||||| |||| 00| 0 eng d
020 _a9781412935494
040 _cIFM Library
082 _a602.15
100 _aCunliffe L. Ann
245 _aOrganization theory
260 _aLondon :
_bSAGE,
_c2008
300 _a178P.:
_bill,;21cm
500 _ainclude index
650 _aorganazation
942 _cBK
_2ddc
_n0
999 _c14495
_d14495